000 00356nam a22001337a 4500
020 _a0-12-464960-2
082 _a530.662 MAD'P
100 _aMADAN, ARUN,SHAN, M. P
_958888
245 _aTHE PHYSICS ANF APPLICATION OF AMORPHOUS SEMICONDUCTORS
260 _aBOSTON
_bAP
_c1988
300 _a545P
650 _aAMORPHOUS SEMICONDUCTORS
_958889
942 _cBK
999 _c568974
_d568974